000 00667nam a22002177a 4500
999 _c20694
_d20694
003 AR-CdUCM
008 190423b ||||| |||| 00| 0 spa d
040 _aMUNICIPALIDAD PROVINCIAL DEL CUSCO
_cBIBLIOTECA MUNICIPAL DEL CUSCO
082 _aPI / 803.08 /
_bP51
110 _aPhidal publishing
_932928
245 _aTerence :
_bEl encargado del polvillo de hadas /
260 _aMéxico :
_bPublished,
_c2013.
300 _c18 cm.
_bIlustrado
440 _aTinker Bell
_nDisney Hadas
_943239
505 _aContenido : Cuento.
650 _aCuento
_94671
650 _aInfantil
_96210
700 _aCaballero, Samantha
_931604
942 _2ddc
_cLIBROS
945 _arcc